000 01645cam a22001934a 4500
005 20250605164407.0
008 250528s ||||||||||||||||||||||||d
035 _a24886
020 _a9789606330070
040 _aGR-AtMCL
_bgre
_dGR-AtMCL
_eAACR2
245 1 _aΧρηματοοικονομική / Ανάλυση και Εφαρμογές
260 _bΣοφία,
_c2019
300 _a914
520 _aΧρηματοοικονικά Ιδρύματα και Αγορές και Προϊόντα, Προσδιορισμός Επιτοκίων και Οίκοι Αξιολόγησης, Χρονική Αξία Χρήματος, Χρηματοδότηση Μικρομεσαίων Επιχειρήσεων, Είδη και Τιμολόγηση και Απόδοση Ομολόγων, ΤαΑποτίμηση και Αξιολόγηση Μετοχών, Αξιολόγηση Κεφαλαιουχικών Επενδύσεων, Υπογισμός Ταμειακών Ροών και Εφαρμογές, Αποδόσεις και Τιμολόγηση Κινδύνου, Θεωρία και Εφαρμογές Χαρτοφυλακίου, Παράγωγα Προϊόντα και Είδη και Τιμολόγηση, Ανάλυση Χρηματοοικονομικών Καταστάσεων, Χρηματοοικονομική Κρίση: Ελλάδα και Κύπρος, Μη Εξυπηρετούμενα Δάνεια: Πλαίσιο Στήριξης Επισφαλών Δανειοληπτών, Παράρτημα Βιβλίου.
700 1 _aΘεοδοσίου Παναγιώτης
_99631
942 _cBK
999 _c9721
_d9721